Pripojenie magnetickej páskovej pamäti CM 5300 k mikropočítaču TP-80 /

Na minha lista:
Detalhes bibliográficos
Autor principal: Štepán, Bohuslav (Author)
Autor Corporativo: Slovenská vysoká škola technická v Bratislave Elektrotechnická fakulta Katedra počítačov
Outros Autores: Burger, Ivan (Thesis advisor)
Formato: Manuscrito Livro
Idioma:eslovaco
Publicado em: Bratislava : Slovenská vysoká škola technická 1985,
Assuntos:
Tags: Adicionar Tag
Sem tags, seja o primeiro a adicionar uma tag!

MARC

LEADER 00000ntm a22000003a 4500
001 0064981
003 SK-STU
005 20180511154613.1
007 ta
008 180511s2018----xo-----f-mn---000-0-slo-d
040 |a STU  |b slo 
041 0 |a slo 
044 |a xo  |c SK 
100 1 |a Štepán, Bohuslav  |4 aut 
110 2 |a Slovenská vysoká škola technická v Bratislave  |b Elektrotechnická fakulta  |b Katedra počítačov 
245 1 0 |a Pripojenie magnetickej páskovej pamäti CM 5300 k mikropočítaču TP-80 /  |c aut. Bohuslav Štepán ; škol. Ivan Burger 
260 |c 1985,  |a Bratislava :  |b Slovenská vysoká škola technická 
300 |a 52 s., príloha 
650 0 7 |a mikropočítače 
700 1 |a Burger, Ivan  |4 ths 
996 |c I*DP64/85  |l II680  |s P  |a 0  |w 0064981_0001